Serien erraten mit Bildern - Teil 5 - Statistiken

Allgemein
  • Dieses Quiz wurde 471 mal gespielt
  • Das Durchschnittsergebnis liegt bei 6 aus 16
Antwortstatistiken
Bildquiz Antwort % Korrekt
The Witcher
80%
Suits
79%
Die Dinos
69%
Supernatural
69%
Die Nanny
61%
New Girl
59%
How to get away with Murder
50%
Alle unter einem Dach
34%
CSI
22%
Ally McBeal
20%
Weeds
18%
Will & Grace
10%
Meine wilden Töchter
9%
The Closer
4%
Verrückt nach Dir
3%
Welcome, Mrs. President
2%
Keine übereinstimmenden Quizze gefunden
Verteilung der Resultate
Anzahl Personen mit jedem Resultat
Perzentil nach korrekt beantworteten Fragen
Ihre Resultats-Entwicklung
Sie haben dieses Quiz noch nicht gespielt